000 00720nam a2200205 i 4500
001 bg
245 0 0 _aKatalog ofert z Europejskiej Sieci Ośrodków Przekazu Innowacji IRC/FEMIRC /
_ckom. red. Jacek Guliński, Elżbieta Książek, Anna Grajewska : Poznański Park Naukowo-Technologiczny Fundacji Uniwersytetu im. Adama Mickiewicza w Poznaniu ; tł. Ireneusz Barszczewski.
260 _aPoznań :
_bPPN-T,
_c2000.
300 _a219, [2] s.
504 _aIndeks.
650 9 _aInnowacje
650 9 _aTechnologia
650 9 _aWspółpraca naukowo-techniczna
655 _aInformatory
040 _cBPK
041 0 _aen
_bpl
080 _a001.895::62
942 _cKS
008 s pl f |000 0 pol
999 _c35675
_d35675
856 _uhttp://koha.tu.koszalin.pl/cgi-bin/koha/opac-detail.pl?biblionumber=35675
_yKatalog online BPK